000 01209nam a2200241 u 4500
003 AM-YEHGA
005 20250618080038.0
008 111212s1969 ru |||||r|||||||||p|rus||
040 _aAM-YeHGA
041 1 _arus
_harm
100 1 _aԹումանյան, Հովհաննես Երանոսի,
_d1904-1968
_91107
245 1 0 _aСтихотворения и поэмы /
_cОванес Туманян ; Вступ. статья, сост. и примеч. К. Н. Григорьяна.
260 _aЛенинград :
_bСов. писатель. Ленингр. отд-ние,
_c1969.
300 _a332 с., 1 л. портр. ;
_c21 см.
490 1 _aБ-ка поэта. Большая серия. 2-е издание / Ред. коллегия В. Н. Орлов (глав. ред.) и др.
650 1 4 _aАрмянская литература
_xПоэзия
650 1 4 _aАрмянская поэзия
700 1 _aГригорьян, К. Н.
_eвст. ст., сост.
_4aui
_4com
830 0 _aБ-ка поэта. Большая серия. 2-е издание / Ред. коллегия В. Н. Орлов (глав. ред.) и др.
942 _2udc
_cBK
001 1314203
090 _c526623
999 _c523018
_d523018